Diagnostika vybraných faktorov šedej ekonomiky
Šedá ekonomika predstavuje súčasť neoficiálnej, resp. tieňovej ekonomiky. Tvorí ju predovšetkým nelegálna práca, daňové úniky, obchádzanie legislatívnych a administratívnych opatrení, neodvádzanie príspevkov na sociálne a zdravotné zabezpečenie, ako aj neplatenie daní. Cieľom predloženého príspevku...
Gespeichert in:
| 1. Verfasser: | |
|---|---|
| Weitere Verfasser: | |
| Format: | Buchkapitel |
| Sprache: | Slowakisch |
| Schlagworte: | |
| Tags: |
Keine Tags, Fügen Sie das erste Tag hinzu!
|
MARC
| LEADER | 00000nla a2200000 4500 | ||
|---|---|---|---|
| 001 | 0193127 | ||
| 005 | 20240502083447.9 | ||
| 041 | 0 | |a slo | |
| 044 | |a CZ | ||
| 245 | 1 | 0 | |a Diagnostika vybraných faktorov šedej ekonomiky |c Anna Neumannová, Anna Židová |
| 520 | |a Šedá ekonomika predstavuje súčasť neoficiálnej, resp. tieňovej ekonomiky. Tvorí ju predovšetkým nelegálna práca, daňové úniky, obchádzanie legislatívnych a administratívnych opatrení, neodvádzanie príspevkov na sociálne a zdravotné zabezpečenie, ako aj neplatenie daní. Cieľom predloženého príspevku je na základe vykonaného empirického prieskumu zhodnotiť vnímanie uvedených faktorov slovenskou verejnosťou a určiť ich potenciálny vplyv na kvalitu podnikateľského prostredia v Slovenskej republike. | ||
| 610 | 2 | 0 | |a ekonomika tieňová |
| 610 | 2 | 0 | |a etika podnikateľská |
| 610 | 2 | 0 | |a práca nelegálna |
| 610 | 2 | 0 | |a únik daňový |
| 610 | 2 | 0 | |a prostredie podnikateľské |
| 610 | 2 | 0 | |a prieskum |
| 100 | 1 | |a Neumannová, Anna | |
| 700 | 1 | |a Židová, Anna | |